Cartoon Dogs Quiz Stats

 Plays Quiz Updated Sep 20, 2014

Also try: Famous TV Dogs
Challenge
Share
Tweet
Score 0/16 Timer 05:00
0 Plays Today
Dog's Name % Correct
Scooby-Doo (Scooby-Doo)
97.9%
Snoopy (Peanuts)
95.7%
Pluto (Disney)
93.8%
Clifford (Clifford the Big Red Dog)
88.5%
Blue (Blue's Clues)
85.9%
Brian Griffin (Family Guy)
77.1%
Catdog (Cat/Dog)
72.7%
Underdog (Underdog)
72.3%
Dog's Name % Correct
Odie (Garfield)
69.6%
Ren Hoek (The Ren & Stimpy Show)
68.8%
Gromit (Wallace and Gromit)
63.6%
Santa's Little Helper (The Simpsons)
63%
Astro (The Jetsons)
52%
Courage (Courage the Cowardly Dog)
49.1%
Huckleberry Hound (The Huckleberry Hound Show)
45.3%
Spike (Rugrats)
30.1%

You're not logged in!

Compare scores with friends on all Sporcle quizzes.
OR
Log In

You Might Also Like...

Show Comments

Extras

Top Quizzes Today


Score Distribution

Your Account Isn't Verified!

In order to create a playlist on Sporcle, you need to verify the email address you used during registration. Go to your Sporcle Settings to finish the process.

Report this User

Report this user for behavior that violates our Community Guidelines.

Details: